| 000 | 00521nam a2200145Ia 4500 | ||
|---|---|---|---|
| 008 | 200226s9999 xx 000 0 und d | ||
| 020 | _a978-93-5269-014-5 | ||
| 100 | _aSahu, Akhilesh K. | ||
| 245 |
_cAkhilesh K. Sahu.-- _aFundamentals of computers and information technology / |
||
| 260 |
_aNew Delhi : _bRandom Publications _c2018 |
||
| 300 |
_aviii , 287 pages : _billustration ; _c24 cm. |
||
| 500 | _aIncludes bibliographical references and index. | ||
| 650 | _aComputer science. | ||
| 650 | _aInformation technology. | ||
| 999 |
_c362973 _d362973 |
||